50 Biggest Cities in the Benelux with a Blank Map - Statistics

General Stats
  • This quiz has been taken 3,463 times
    2,191 since last reset
  • The average score is 24 of 50
Answers on the Map
Answers color-coded by a green-red scale on the quiz's map according to % correct below.
 
Answer Stats
Answer Population % Correct
Amsterdam 931 298
100%
Brussels 196 828
99%
Rotterdam 670 610
98%
Antwerp 544 759
96%
Luxembourg city 134 697
96%
The Hague 566 221
95%
Ghent 269 597
87%
Utrecht 374 238
86%
Bruges 119 869
83%
Liège 195 778
81%
Eindhoven 246 417
78%
Groningen 243 768
78%
Charleroi 204 322
70%
Maastricht 125 285
70%
Haarlem 167 636
58%
Breda 188 078
56%
Nijmegen 187 049
52%
Tilburg 229 836
51%
Arnhem 167 632
49%
Namur 114 142
48%
Zwolle 133 141
48%
Alkmaar 112 304
47%
's-Hertogenbosch 160 757
47%
Enschede 161 738
46%
Leiden 130 108
45%
Almere 226 500
42%
Leuven 104 009
42%
Apeldoorn 168 211
39%
Dordrecht 122 070
37%
Leeuwarden 128 810
37%
Amersfoort 161 852
36%
Mons 96 358
36%
Venlo 103 789
35%
Delft 109 577
34%
Anderlecht 126 581
33%
Mechelen 89 313
32%
Emmen 109 346
24%
Deventer 103 405
22%
Zaanstad 161 389
21%
Zoetermeer 128 434
21%
Hilversum 94 435
18%
Schaerbeek 130 405
17%
Oss 94 634
16%
Aalst 90 995
15%
Ede 123 532
15%
Sittard-Geleen 92 650
15%
Helmond 95 874
14%
Amstelveen 95 014
13%
Sint-Jans-Molenbeek 98 365
13%
Hoofddorp 132 734
12%
No matching quizzes found
Score Distribution
Percent of People with Each Score
Percentile by Number Answered
Your Score History
You have not taken this quiz since the last reset